书目信息 |
| 题名: |
全光网络
|
|
| 作者: | 张宝富 编著 | |
| 分册: | ||
| 出版信息: | 北京 人民邮电出版社 2002.01 |
|
| 页数: | 237页 | |
| 开本: | 26cm | |
| 丛书名: | 现代光通信技术丛书 | |
| 单 册: | ||
| 中图分类: | TN915.63 | |
| 科图分类: | ||
| 主题词: | 有线电通信 | |
| 电子资源: | ||
| ISBN: | 7-115-09744-5 | |
| 000 | 00621nam0 2200217 45 | |
| 001 | 0335955630 | |
| 005 | 2003022609591538 | |
| 010 | @a7-115-09744-5@dRMB 27.00 | |
| 100 | @a20030226d2002 km y0chiy0120 ea | |
| 101 | 0 | @achi |
| 102 | @aCN@b110000 | |
| 200 | 1 | @a全光网络@Aquan guang wang luo@f张宝富等编著@Fzhang bao fu deng bian zhu |
| 210 | @a北京@c人民邮电出版社@d2002.01 | |
| 215 | @a237页@d26cm | |
| 225 | 2 | @a现代光通信技术丛书 |
| 410 | 0 | @12001 @a现代光通信技术丛书 |
| 606 | 0 | @a有线电通信 |
| 690 | @aTN915.63@v3 | |
| 701 | 0 | @a张宝富@Azhang bao fu@4编著 |
| 801 | 0 | @aCN@bPFT@c20030226 |
| 905 | @dTN915.63@eZ070 | |
| 全光网络/张宝富等编著.-北京:人民邮电出版社,2002.01 |
| 237页;26cm.-(现代光通信技术丛书) |
| ISBN 7-115-09744-5:RMB 27.00 |
| ● |
| 相关链接 |
|
|
|
正题名:全光网络
索取号:TN915.63/Z070
 
预约/预借
| 序号 | 登录号 | 条形码 | 馆藏地/架位号 | 状态 | 备注 |
| 1 | 364387 | 203643879 | 自科库301/301自科库 998排4列2层/ [索取号:TN915.63/Z070] | 在馆 | |
| 2 | 364388 | 203643888 | 自科库301/301自科库 998排4列2层/ [索取号:TN915.63/Z070] | 在馆 | |
| 3 | 364389 | 203643897 | 期刊室512/301自科库 29排3列4层/ [索取号:TN915.63/Z070] | 在馆 |